000 00610nam a2200241Ia 4500
003 OSt
005 20220918190744.0
006 a|||||r|||| 00| 0
007 ta
008 220917b |||||||| |||| 00| 0 eng d
024 _a59,329
037 _cTextual
040 _aARTS
_cARTS
_beng
041 _2eng
_aeng
082 _aQ2, L71
100 _aWilson H H
_911230
245 0 _aSketch of the relegious sects the Hindus
260 _aNew Delhi
_bCosmo
_c1977
300 _axii, 398p.
_ccm.
650 _aRELIGION
942 _hQ2, L71
_cTEXL
_2CC
999 _c186688
_d186688